Risk Management (Record no. 2125)

MARC details
000 -LEADER
fixed length control field 00404nam a22001697a 4500
005 - DATE AND TIME OF LATEST TRANSACTION
control field 20180719150720.0
008 - FIXED-LENGTH DATA ELEMENTS--GENERAL INFORMATION
fixed length control field 160530b xxu||||| |||| 00| 0 eng d
020 ## - INTERNATIONAL STANDARD BOOK NUMBER
ISBN 981-243-665-0
041 ## - LANGUAGE CODE
Language code of text/sound track or separate title eng
082 ## - DEWEY DECIMAL CLASSIFICATION NUMBER
Item number 6025
Classification number 658.155
100 ## - MAIN ENTRY--AUTHOR NAME
Personal name Bell, David E & Schleifer Arthur, Jr.
245 ## - TITLE STATEMENT
Title Risk Management
260 ## - PUBLICATION, DISTRIBUTION, ETC. (IMPRINT)
Name of publisher Thomson
300 ## - PHYSICAL DESCRIPTION
Number of Pages 250p,
650 ## - SUBJECT ADDED ENTRY--TOPICAL TERM
Topical Term Management
942 ## - ADDED ENTRY ELEMENTS (KOHA)
Koha item type Books
Holdings
Lost status Damaged status Collection code Home library Current library Shelving location Date acquired Source of acquisition Cost, normal purchase price Full call number Accession Number Koha item type
    MANAGEMENT JRU Library JRU Library SHELF- 66 H 30/05/2016 PURCHASE 495.00 658.155 6025 Books
    MANAGEMENT JRU Library JRU Library SHELF- 66 H 30/05/2016 PURCHASE 495.00 658.155 6026 Books
    MANAGEMENT JRU Library JRU Library SHELF- 66 H 30/05/2016 PURCHASE 495.00 658.155 6027 Books